ALL The Rookie Characters A-Z - Statistics

Estatísticas Gerais
  • Esse quiz foi jogado 10 vezes
  • A pontuação média é 15 de 23
Estatísticas das Respostas
Hint Resposta % Correto
A Angela/ Aaron/ Abigail/ Ashley/ Abril
100%
B Bailey/ Ben/ Blair
100%
C Celine/ Chastity/ Caleb
100%
D Doug/ Donavon/ Dominique
67%
E Elijah/ Emmett
67%
H Henry
67%
I Isabel
67%
J John/ James/ Jackson/ Jason
67%
K Katie/ Kojo
67%
L Lucy/ Luna/ Leah/ La Fiera/ Lila/ Liam
67%
M Miles/ Monica
67%
N Nyla/ Nick/ Nell
67%
O Oscar
67%
P Percy/ Pete
67%
S Seth/ Sarah/ Simone/ Silas
67%
T Tim/ Tamara/ Talia
67%
W Wesley/ Wade
67%
Z Zoe
67%
F Fiona
33%
G Genny/Grace
33%
Q Quigley
33%
R Rosalind/ Randy/ Rodge/ Rachel
33%
Y Yvonne
33%
Nenhum quiz correspondente encontrado
Distribuição das Pontuações
Porcentagem de Pessoas com Cada Pontuação
Percentil de Números Respondidos
Sua Pontuação Histórica
Você não jogou esse quiz